The road to Richmond ; the Civil War memoirs of Maj. Abner R. Small of the 16th Maine Vols., with his diary as a prisoner of war /

Bibliographic Details
Main Author: Small, Abner Ralph, 1836-1910
Other Authors: Small, Harold Adams
Format: Book
Language:English
Published: Berkeley [Calif.] : University of California Press, 1959
Edition:[1st paperbound ed.].
Subjects:

MARC

Tag First Indicator Second Indicator Subfields
LEADER 00000cam a2200000 4500
001 in00000614021
005 20151015051354.0
008 721016c1959 cau b 00010deng d
035 |a (OCoLC)00444711 
035 |9 ACT6203AM 
040 |c WSU  |d TXA  |d UtOrBLW 
049 |a TXAM  |c [350313] 
090 |a E601  |b .S595 1959 
100 1 |a Small, Abner Ralph,  |d 1836-1910. 
245 1 4 |a The road to Richmond ;  |b the Civil War memoirs of Maj. Abner R. Small of the 16th Maine Vols., with his diary as a prisoner of war /  |c Edited by Harold Adams Small. 
250 |a [1st paperbound ed.]. 
264 1 |a Berkeley [Calif.] :  |b University of California Press,  |c 1959 
264 4 |c [©1939] 
300 |a xi, 260 pages ;  |c 19 cm. 
336 |a text  |b txt  |2 rdacontent 
337 |a unmediated  |b n  |2 rdamedia 
338 |a volume  |b nc  |2 rdacarrier 
600 1 0 |a Small, Abner Ralph,  |d 1836-1910. 
651 0 |a United States  |x History  |y Civil War, 1861-1865  |v Personal narratives. 
700 1 |a Small, Harold Adams. 
999 |a MARS 
999 f f |s 39edd0fa-cbce-3c7c-a704-bd66ae013f39  |i 528c5b2d-6657-3e17-81cb-5a1d53d7b146  |t 0 
952 f f |p ric  |a Texas A&M University  |b Rellis Campus  |c Joint Library Facility  |d Remote Storage  |t 0  |e E601 .S595 1959  |h Library of Congress classification  |i unmediated -- volume  |m A14802234717 
998 f f |a E601 .S595 1959  |t 0  |l Remote Storage